000 00520nam a2200193Ia 4500
003 LDD
008 181029s9999 xx 000 0 und d
020 _a8131600106
_c525.00
040 _cLDD
100 _aAmin,Amina
245 0 _aWomen on women
_cAmina Amin
260 _aJaipur
_bRawat Publications
_c2006
300 _a200p.
365 _b525.00
901 _a3877
_b14-03-2007
902 _aUBS7400
_b15-03-2007
_cF
_dUPPAL
_e64
903 _aDiscount-10
_bReqst by : Anu Anaja
942 _2ddc
_cBK
999 _c78756
_d78756